Die Ewige Tabelle der Bundesliga - Statistiken

Allgemein
  • Dieses Quiz wurde 720 mal gespielt
  • Das Durchschnittsergebnis liegt bei 35 aus 57
Antwortstatistiken
Antwort % Korrekt
1. FC Bayern München
99%
2. Borussia Dortmund
94%
6. Hamburger SV
89%
4. VfB Stuttgart
89%
3. Werder Bremen
88%
7. FC Schalke 04
85%
5. Borussia Mönchengladbach
84%
8. Eintracht Frankfurt
84%
12. Hertha BSC
84%
9. 1. FC Köln
83%
10. Bayer 04 Leverkusen
83%
34. 1. FC Union Berlin
82%
16. Hannover 96
81%
15. VfL Wolfsburg
79%
14. 1. FC Nürnberg
78%
33. FC St. Pauli
77%
19. SC Freiburg
77%
11. 1. FC Kaiserslautern
75%
27. FC Augsburg
75%
23. 1. FSV Mainz 05
74%
28. RB Leipzig
74%
39. Dynamo Dresden
73%
24. TSG Hoffenheim
73%
13. VfL Bochum
72%
54. 1. FC Heidenheim
70%
22. TSV 1860 München
69%
18. Fortuna Düsseldorf
68%
20. Karlsruher SC
66%
50. SpVgg Greuther Fürth
65%
21. Eintracht Braunschweig
64%
41. SV Darmstadt 98
63%
17. MSV Duisburg
62%
25. Arminia Bielefeld
61%
36. Alemannia Aachen
60%
32. Rot-Weiß Essen
60%
48. SC Paderborn
56%
38. 1. FC Saarbrücken
55%
35. FC Energie Cottbus
51%
30. Waldhof Mannheim
51%
44. FC 08 Homburg
50%
47. FC Ingolstadt
50%
53. Preußen Münster
50%
29. FC Hansa Rostock
49%
51. SSV Ulm 1846
49%
57. Tasmania Berlin
47%
31. Kickers Offenbach
42%
45. SpVgg Unterhaching
39%
46. Stuttgarter Kickers
39%
26. KFC Uerdingen
35%
40. Rot-Weiß Oberhausen
33%
49. Tennis Borussia Berlin
33%
42. Wuppertaler SV
30%
56. 1. FC Lokomotive Leipzig
27%
37. SG Wattenscheid
27%
52. Fortuna Köln
26%
55. Blau-Weiß 90 Berlin
23%
43. Borussia Neunkirchen
23%
Keine übereinstimmenden Quizze gefunden
Verteilung der Resultate
Anzahl Personen mit jedem Resultat
Perzentil nach korrekt beantworteten Fragen
Ihre Resultats-Entwicklung
Sie haben dieses Quiz noch nicht gespielt